Property Times UK regional offices (Record no. 119348)

MARC details
000 -LEADER
fixed length control field 01325cas a2200253 4500
001 - CONTROL NUMBER
control field L153649
008 - FIXED-LENGTH DATA ELEMENTS--GENERAL INFORMATION
fixed length control field 11081222010 eng u
035 ## - SYSTEM CONTROL NUMBER
System control number (Sirsi) u153649
041 0# - LANGUAGE CODE
Language code of text/sound track or separate title eng
050 ## - LIBRARY OF CONGRESS CALL NUMBER
Classification number 333.33 $2 18
110 2# - MAIN ENTRY--CORPORATE NAME
Corporate name or jurisdiction name as entry element DTZ
245 00 - TITLE STATEMENT
Title Property Times UK regional offices
Medium [electronic resource]
260 ## - PUBLICATION, DISTRIBUTION, ETC.
Place of publication, distribution, etc. [S.l.]
Date of publication, distribution, etc. DTZ $2 010-
362 0# - DATES OF PUBLICATION AND/OR SEQUENTIAL DESIGNATION
Dates of publication and/or sequential designation Q2 2010-
490 #0 - SERIES STATEMENT
Series statement Property Times UK Regional Offices
Volume/sequential designation Q2 2010
520 ## - SUMMARY, ETC.
Summary, etc. A regular report on the occupational real estate market with commentary, analysis and key data including an executive summary and sections on the UK economy, regional overview, occupier markets, investment overview, occupier data and forecasts, key transactions, economics data and forecasts, and definitions.
554 ## -
-- Quarterly
650 24 - SUBJECT ADDED ENTRY--TOPICAL TERM
Topical term or geographic name entry element DTZ PROPERTY TIMES UK REGIONAL OFFICES
651 #4 - SUBJECT ADDED ENTRY--GEOGRAPHIC NAME
Geographic name United Kingdom
Chronological subdivision
690 ## - LOCAL SUBJECT ADDED ENTRY--TOPICAL TERM (OCLC, RLIN)
Topical term or geographic name as entry element PROPERTY-COMMERCIAL PROPERTY-COMMERCIAL PROPERTY FINANCE AND INVESTMENT
690 ## - LOCAL SUBJECT ADDED ENTRY--TOPICAL TERM (OCLC, RLIN)
Topical term or geographic name as entry element PROPERTY-COMMERCIAL PROPERTY-COMMERCIAL PROPERTY MARKET
856 40 - ELECTRONIC LOCATION AND ACCESS
Uniform Resource Identifier <a href="https://www.dtz.com/Global/Research?vgnLocale=en_GB">https://www.dtz.com/Global/Research?vgnLocale=en_GB</a>
Public note View the report free of charge after free registration (highlight United Kingdom in country box under Geography tab, type Property Times UK Regional Offices in the search box and click on search) at www.dtz.com
942 ## - ADDED ENTRY ELEMENTS (KOHA)
Suppress in OPAC 0
Holdings
Withdrawn status Lost status Source of classification or shelving scheme Damaged status Not for loan Home library Current library Shelving location Date acquired Total Checkouts Full call number Barcode Date last seen Copy number Price effective from Koha item type
    Dewey Decimal Classification     Virtual Virtual Online 12/08/2011   ONLINE PUBLICATION 153649-2001 06/08/2019 1 06/08/2019 Book